| 000 | 00548nam a2200181Ia 4500 | ||
|---|---|---|---|
| 003 | LK-CoDNM | ||
| 008 | 010623t1999 xxu||||| |||| 00| 1 sin d | ||
| 040 |
_aLK-CoDNM _dLK-CoDNM _eLK-CoDNM |
||
| 041 | _asin | ||
| 080 |
_a(x) 82.9 _bWIJ |
||
| 100 | _aWijethunga, Rathna | ||
| 245 | _aඡන්දස් හා සිංහල පද සමිප්රධාය | ||
| 246 | _aChandas haa Sinhala padya sampradaya | ||
| 260 |
_bDepartment of cultural affairs _aColombo _c1999 |
||
| 300 | _b79, 21 cm | ||
| 650 | _aLiterature | ||
| 942 | _cBK | ||
| 999 |
_c119567 _d119567 |
||